Sports Quiz

Random Sports or Football Quiz

Last Heisman Trophy Winner by Letter Quiz Stats

Quiz not verified by Sporcle

Score 0/26 Timer 06:00
0 Plays Today
Letter Winners % Correct
ENone
100%
QNone
100%
UNone
100%
XNone
100%
YNone
100%
ZNone
100%
TTim Tebow
85.9%
GRobert Griffin III
84.7%
JLamar Jackson
84.7%
BSam Bradford
83.5%
WJameis Winston
83.5%
IMark Ingram
82.4%
NCam Newton
82.4%
Letter Winners % Correct
MBaker Mayfield
81.2%
PCarson Palmer
80%
LMatt Leinart
77.6%
AMarcus Allen
76.5%
STroy Smith
76.5%
DRon Dayne
75.3%
FDoug Flutie
72.9%
HDerrick Henry
70.6%
CEric Crouch
67.1%
RMike Rozier
57.6%
OSteve Owens
32.9%
VBilly Vessels
22.4%
KDick Kazmaier
20%

You're not logged in!

Compare scores with friends on all Sporcle quizzes.
Join for Free
OR
Log In

You Might Also Like...

Show Comments

Extras

Top Quizzes Today


Score Distribution

Your Account Isn't Verified!

In order to create a playlist on Sporcle, you need to verify the email address you used during registration. Go to your Sporcle Settings to finish the process.

Report this User

Report this user for behavior that violates our Community Guidelines.

Details: